Liderazgo: la grandeza interna
Guardat en:
| Autor principal: | |
|---|---|
| Format: | Llibre |
| Idioma: | espanyol |
| Publicat: |
Ciudad de México
Prentice Hall
1999
|
| Matèries: | |
| Etiquetes: |
Afegir etiqueta
Sense etiquetes, Sigues el primer a etiquetar aquest registre!
|
MARC
| LEADER | 00000nam a2200000 a 4500 | ||
|---|---|---|---|
| 001 | UCP6070 | ||
| 003 | CL-VaPUC | ||
| 008 | 991008e19990000MX |||||||||||||||||spa|d | ||
| 082 | 0 | 4 | |a 303.34 |b KOE |2 21 |
| 100 | 0 | |a Koestenbaum, Peter |e author |9 434887 | |
| 245 | 1 | 0 | |a Liderazgo: la grandeza interna |
| 300 | |a 369 p | ||
| 942 | |c BK | ||
| 945 | |d 19991008 00:00:00 |a rbrito | ||
| 260 | |a Ciudad de México |b Prentice Hall |c 1999 | ||
| 650 | 0 | |a Liderazgo |9 271835 | |
| 650 | 0 | |a Psicología social |9 222894 | |
| 650 | 0 | |a Ética |9 255099 | |
| 650 | 7 | |a TRABAJO EN EQUIPO |2 CL-VaPUC |9 393025 | |
| 583 | |a last modification |c 19991008 00:00:00 |k Rodrigo Vera | ||
| 999 | |c 283694 |d 283692 | ||
| 952 | |0 0 |1 0 |4 0 |6 303_340000000000000_KOE_1999 |7 0 |8 A |9 327096 |a BIBEDU |b BIBEDU |d 2019-11-20 |i 3569497 |o 303.34 KOE 1999 |p 3569497 |r 2019-11-20 |w 2019-11-20 |y BK |k PSI | ||